000 00578nam a2200205Ia 4500
005 20250508163629.0
008 008 250505s9999 xx 000 0 eng d
020 _a0-8039-3544-7
037 _aTextual
040 _aFEDL
_beng
_cFEDL
041 _aeng
_2eng
084 _a153.35, RUN
_qFEDL
100 _aRunco Mark A. Ed.
_9775828
245 0 _aTheories of creativity
260 _aNewbury Park, London
_bSage Publications
_c1990
300 _a276p
700 _a Albert Robert S. Ed.
_9775829
942 _cTEXL
_h153.35, RUN
999 _c1384427
_d1384427